| 000 | 00521nam a2200181 a 4500 | ||
|---|---|---|---|
| 001 | 17036 | ||
| 005 | 20180713210124.0 | ||
| 008 | 140415s1993 000 0 spa d | ||
| 020 | _a9706250395 | ||
| 041 | _aspa | ||
| 082 |
_a658.88 _bMON |
||
| 100 | 1 | _aMONDELLO, CANDACE L. | |
| 245 | 1 | 0 |
_aCREDITO Y COBRANZAS : _bTECNICAS PARA MEJORAR SU FLUJO DE EFECTIVO |
| 260 |
_a[s.l.] : _bGRUPO EDITORIAL IBEROAMERICA, _c1993 |
||
| 300 | _a86 | ||
| 490 | _a50 MINUTOS | ||
| 650 | 1 | 4 | _aADMINISTRACION DE CREDITOS |
| 999 |
_c17036 _d17036 |
||